The new Saint Joseph First Communion catechism (Record no. 31777)

000 -LEADER
fixed length control field 00494nam a22001457a 4500
008 - FIXED-LENGTH DATA ELEMENTS--GENERAL INFORMATION
fixed length control field 230728b |||||||| |||| 00| 0 eng d
020 ## - INTERNATIONAL STANDARD BOOK NUMBER
International Standard Book Number 9780899422404
050 ## - LIBRARY OF CONGRESS CALL NUMBER
Classification number BX2237 .C38 1991
Item number .C38 1991
245 ## - TITLE STATEMENT
Title The new Saint Joseph First Communion catechism
260 ## - PUBLICATION, DISTRIBUTION, ETC. (IMPRINT)
Place of publication, distribution, etc. New York,
Name of publisher, distributor, etc. Catholic Book Pub. Co.,
Date of publication, distribution, etc. 1991
300 ## - PHYSICAL DESCRIPTION
Extent 64p. :
Other physical details ill. ;
Dimensions 21 cm
650 ## - SUBJECT ADDED ENTRY--TOPICAL TERM
Topical term or geographic name as entry element Catholic Church Catechisms
General subdivision Catechism clasess
655 ## - INDEX TERM--GENRE/FORM
Genre/form data or focus term Catechisms
942 ## - ADDED ENTRY ELEMENTS (KOHA)
Source of classification or shelving scheme
Classification part BX2237 .C38 1991
Koha item type Hard Covered Materials
Holdings
Withdrawn status Lost status Source of classification or shelving scheme Damaged status Not for loan Home library Current library Shelving location Date acquired Source of acquisition Cost, normal purchase price Total Checkouts Full call number Barcode Date last seen Price effective from Koha item type
          MACHAKOS UNIVERSITY LIBRARY MACHAKOS UNIVERSITY LIBRARY Open shelf 28/07/2023 Donation (Kimanzi) 1603.00   BX2237 .C38 1991 39581 28/07/2023 28/07/2023 Hard Covered Materials
          MACHAKOS UNIVERSITY LIBRARY MACHAKOS UNIVERSITY LIBRARY Open shelf 28/07/2023 Donation (Kimanzi) 1543.00   BX2237 .C38 1991 39619 12/09/2023 28/07/2023 Hard Covered Materials
© Machakos University Library, Along The Highway, Machakos Wote Rd, Machakos, Kenya P.O. Box 136 - 90100 Machakos - Kenya

Tel: ( +254 ) 723 805829 OR Fax : 044-20353 OR Email: library@mksu.ac.ke